Towards understanding communalism (Record no. 515603)

000 -LEADER
fixed length control field 00256nam a22000977a 4500
082 ## - DEWEY DECIMAL CLASSIFICATION NUMBER
Classification number TNC B262x54 P885
100 ## - MAIN ENTRY--PERSONAL NAME
Personal name Pramod (ed.)
9 (RLIN) 21293
245 ## - TITLE STATEMENT
Title Towards understanding communalism
Statement of responsibility, etc edited by Pramod
260 ## - PUBLICATION, DISTRIBUTION, ETC. (IMPRINT)
Place of publication, distribution, etc Chandigarh
Name of publisher, distributor, etc CRRID
Date of publication, distribution, etc 1992
300 ## - PHYSICAL DESCRIPTION
Extent 557p.
Holdings
Withdrawn status Lost status Source of classification or shelving scheme Damaged status Koha normalized classification for sorting Not for loan Permanent location Current location Date acquired Full call number Barcode Date last seen Price effective from Koha item type
        TNC_B262X54_P885   Indian Institute of Public Administration Indian Institute of Public Administration 2021-02-02 TNC B262x54 P885 GR22615 2021-02-02 2021-02-02 GR

Powered by Koha